MCU Characters by Screen Time - Statistics

General Stats
  • This quiz has been taken 1,670 times
  • The average score is 15 of 21
Answer Stats
Minutes Character % Correct
306 Iron Man / Tony Stark
100%
205 Captain America / Steve Rogers
99%
110 Thor
98%
89 Black Widow / Natasha Romanoff
97%
95 Hulk / Bruce Banner
97%
32 Hawkeye
94%
83 Spider-Man / Peter Parker
84%
60 Loki
81%
44 Nick Fury
77%
84 Starlord
72%
56 Ant-Man
71%
54 Gamora
69%
31 Groot
66%
43 Winter Soldier
64%
35 Drax
61%
73 Dr. Strange
61%
28 Falcon
60%
46 War Machine / James 'Rhodey' Rhodes
55%
64 Pepper
54%
39 Rocket Raccoon
29%
46 Jane Foster
20%
No matching quizzes found
Score Distribution
Percent of People with Each Score
Percentile by Number Answered
Your Score History
You have not taken this quiz